=LDR 00000nam 2200000 4500 =001 INLIS000000000059208 =005 20211026015004 =035 ##$$a 0010-1021000656 =007 ta =008 211026###########################0#ind## =020 ##$$a 979-428-575-7 =082 ##$$a 320.959 8 =084 ##$$a 320.959 8 Yud m =245 1#$$a Menuju Revolusi Demokratik : $b Mandat untuk Perubahan Indonesia /$c Dr. Yudi Latif =300 ##$$a 215 halaman : $b Ilustrasi ; $c 20 cm =650 #4$$a politik & Pemerintah =264 ##$$a jakarta :$b Djambatan,$c 2004 =336 ##$$a teks$2 rdacontent =337 ##$$a lain-lain$2 rdamedia =338 ##$$a lain-lain$2 rdacarrier =990 ##$$a 25062506